000 00422nam a2200145Ia 4500
003 GCL
008 140319s9999 xx 000 0 eng d
040 _aGCL /
_cGCL
082 0 4 _a027.625
_bD M
100 1 _aDELAHAYE, GILBERT
245 1 0 _aMARTINE: AU PARCA LA MAISON A'LA FARME PREND LE TRAINE 5 VOTS, TEXTE ET EMAGES /
_cDELAHAYE, GILBERT
700 1 _aMARLIER, MARCEL
650 0 4 _aLIBRARY OF CHILDS
942 _2ddc
_cBK
999 _c16447
_d16447